000 00290nam a22001337a 4500
008 180926b xxu||||| |||| 00| 0 eng d
020 _a9780072978605
041 _aeng
080 _a330
100 _a52
101 _aMBE
245 _aContemporary Economics
_cMcConell
942 _2udc
_cBK
999 _c48499
_d48499